Fr. Conceicao Rodrigues College of Engineering

Factory managements (Record no. 32971)

MARC details
000 -LEADER
fixed length control field 00285nam a2200133Ia 4500
082 ## - DEWEY DECIMAL CLASSIFICATION NUMBER
Classification number 658
Item number Des
100 ## - MAIN ENTRY--PERSONAL NAME
Personal name Desphande/A.S.
245 ## - TITLE STATEMENT
Title Factory managements
260 ## - PUBLICATION, DISTRIBUTION, ETC.
Name of publisher, distributor, etc. Vora & Co.
Place of publication, distribution, etc. Bombay
Date of publication, distribution, etc. 1969
546 ## - LANGUAGE NOTE
Language note ENGLISH
654 ## - SUBJECT ADDED ENTRY--FACETED TOPICAL TERMS
Focus term Factory Management
942 ## - ADDED ENTRY ELEMENTS (KOHA)
Koha item type BOOK
Holdings
Withdrawn status Lost status Damaged status Not for loan Collection Home library Current library Shelving location Date acquired Total Checkouts Full call number Barcode Date last seen Price effective from Koha item type
        AFT Fr. Agnel's C.Rodrigues College of Engineering Fr. Agnel's C.Rodrigues College of Engineering   17/03/2023   658 Des AFT5161 17/03/2023 17/03/2023 BOOK